• 首页
  • 本馆介绍
  • 公告通知
  • 最新文献
  • 馆藏检索
  • 电子资源
  • 读者导购
  • 参考咨询
  • 我的图书馆
  • 登录
  • 详细信息显示
  • 放入我的书架
  • 预约/预借图书
  • 作者相关作品
  • 分类相关作品
  • 丛书相关作品
  • 出版社相关作品

书目信息

  • 表格格式
  • 工作单格式
  • 卡片格式
题名:
海战霸主
    
 
作者: 兵人 编著
分册:  
出版信息: 哈尔滨   哈尔滨出版社  2015
页数: 183页, [15] 页图版
开本: 24cm
丛书名: 战争之王
单 册:
中图分类: E925.671
科图分类:
主题词: 航空母舰--hang kong mu jian--介绍--世界
电子资源:
ISBN: 978-7-5484-2103-0
000 01047nam 2200265 450
001 1647932278
005 20150804100348.0
010    @a978-7-5484-2103-0@dCNY29.80
100    @a20150101d2015 km y0chiy50 ea
101 0  @achi
102    @aCN@b230000
105    @aaf a 000yy
106    @ar
200 1  @a海战霸主@Ahai zhan ba zhu@e世界经典航空母舰@d= The naval supremacy@ethe World classic aircraft carrier@f兵人编著@zeng
210    @a哈尔滨@c哈尔滨出版社@d2015
215    @a183页, [15] 页图版@c照片@d24cm
225 2  @a战争之王@Azhan zheng zhi wang
330    @a航空母舰是一座浮动在海面上的城市,是海洋上的钢铁堡垒。本书结合大量权威资料,用通俗、生动的语言和具有视觉冲击力的图片,采取双色印刷加彩插的形式,介绍了世界经典航空母舰的研发过程、性能参数、在战斗中起到的作用等,旨在为读者全面展示航空母舰的知识。
333    @a军事爱好者
410  0 @12001 @a战争之王
606 0  @a航空母舰@Ahang kong mu jian@x介绍@y世界
690    @aE925.671@v4
701  0 @a兵人@Abing ren@4编著
801  0 @aCN@bBP@c20150804
905    @aBZT@dE925.671@e5
    
    海战霸主:世界经典航空母舰= The naval supremacy:the World classic aircraft carrier/兵人编著.-哈尔滨:哈尔滨出版社,2015
    183页, [15] 页图版:照片;24cm.-(战争之王)
    使用对象:军事爱好者
    
    ISBN 978-7-5484-2103-0:CNY29.80
    航空母舰是一座浮动在海面上的城市,是海洋上的钢铁堡垒。本书结合大量权威资料,用通俗、生动的语言和具有视觉冲击力的图片,采取双色印刷加彩插的形式,介绍了世界经典航空母舰的研发过程、性能参数、在战斗中起到的作用等,旨在为读者全面展示航空母舰的知识。
●
相关链接 在五车中查询图书 在当当中查询图书 在豆瓣中查询图书


正题名:海战霸主     索取号:E925.671/5         预约/预借

序号 登录号 条形码 馆藏地/架位号 状态 备注
1 811347   2000811347   第二书库/ [索取号:E925.671/5] 在馆    
2 811348   2000811348   第二书库/ [索取号:E925.671/5] 在馆    
3 811349   2000811349   思政阅览室/思1架A面2层10列/ [索取号:E925.671/5] 在馆    
山东省滨州职业学院图书馆 欢迎您!
大连网信软件有限公司© 版权所有